Normal view
MARC view
- Ocean travel
Entry Topical Term
001 - CONTROL NUMBER
- control field: 96650
003 - CONTROL NUMBER IDENTIFIER
- control field: NUST
005 - DATE AND TIME OF LATEST TRANSACTION
- control field: 20220807125425.0
008 - FIXED-LENGTH DATA ELEMENTS
- fixed length control field: 220807|| aca||aabn | a|a d
040 ## - CATALOGING SOURCE
- Original cataloging agency: NUST
- Transcribing agency: NUST
150 ## - HEADING--TOPICAL TERM
- Topical term or geographic name entry element: Ocean travel
- Form subdivision: Fiction
670 ## - SOURCE DATA FOUND
- Source citation: Work cat.: (NUST)0: Ondaatje, Michael, 1943- 96649, The cat's table
